| 000 | 00389nam a2200145Ia 4500 | ||
|---|---|---|---|
| 005 | 20250729165742.0 | ||
| 008 | 250729s2009 xx 000 0 und d | ||
| 041 | _akan | ||
| 082 | _a530.25 MALV | ||
| 100 |
_aH.S. Mallikarjuna Shastri _9232133 |
||
| 245 | _aVijnanan Bhodhana Vidhana | ||
| 260 |
_aBangalore _bShruthi Loka Prakashana _c2009 |
||
| 300 | _a406p | ||
| 650 |
_aScience _9232134 |
||
| 999 |
_c239630 _d239630 |
||